| 000 | 00605cam a22002295a 4500 | ||
|---|---|---|---|
| 001 | L159387 | ||
| 008 | 130411s2016 xxk f 000 0 eng d | ||
| 020 | _a9780957693944 | ||
| 035 | _a(Sirsi) u159387 | ||
| 041 | 0 | _aeng | |
| 050 | 0 | 4 | _a631.1 $2 18 |
| 100 | 1 | _aNix, John | |
| 245 | 0 | 0 | _aFarm Management Pocketbook |
| 250 | _a47th ed. | ||
| 260 |
_aLeicestershire _bThe Pocketbook _c2016 |
||
| 300 | _aviii, 308p, 22cm | ||
| 520 | _aCovers all aspects of farm management. Supercedes ISBN: 9780957693937 | ||
| 590 | _aKA | ||
| 651 | 4 | _aENGLAND AND WALES | |
| 690 |
_aRural _96268 |
||
| 942 | _n0 | ||
| 999 |
_c115855 _d115855 |
||